01286nam a2200265 a 450000100100000000500170001000800410002702000180006804000250008608200260011110000390013724500690017625000110024526000660025630000200032249000230034250000590036550000630042450400730048750400400056050503210060065100300092165100460095183000230099700000305120200929150322.0090706s2008 dr 000 0 spa d a9789945457100 aDO-SdBNPbspacBNPHU a972.9403bF825r, 20081 aFranco, José Luciano,d1891-198910aHistoria de la revolución de Haití /cJosé Luciano Franco. a3a ed. aSanto Domingo :bSociedad Dominicana de Bibliófilos,c2008. a314p. ;c22 cm.1 aBibliófilos 2000 aContiene datos de la colección de cultura dominicana aIncluye datos biográficos del autor en la contracubierta aIncluye referencias bibliográficas y notas al pie de las páginas aIncluye bibliografías (p.303-306)0 aPresentación -- Estudio sobre "Historia de la revolucion de Haití" -- Conquista y colonización de Haití -- Contrabandistas, Filibusteros y Bucaneros -- La colonia francesa de la Tortuga y Costa de Santo Domingo -- Azúcar, monopolios y esclavitud -- La sociedad colonial -- La revolución -- Bibliografía 4aHaitíxHistoriay- 1791 4aHaitíxHistoriayREVOLUCIÓN 1791-1804 0aBibliófilos 2000